| 000 | 00936nam a2200205 a 4500 | ||
|---|---|---|---|
| 003 | AM-YeHGA | ||
| 005 | 20250617154941.0 | ||
| 008 | 180412s1957 ru c||||r|||||000|0|rus|| | ||
| 040 | _aAM-YeHGA | ||
| 041 | 0 | _arus | |
| 100 | 1 | _aКудинов, Семен Иванович | |
| 245 | 1 | 0 |
_aЭтого не забудешь : _bВоспоминания / _cС.И. Кудинов ; [Лит. обработка И.И. Мирошникова]. |
| 260 |
_aРостов-на-Дону : _bКн. изд-во, _c1957. |
||
| 300 |
_a103 с., 1 л. портр. : _bил. ; _c21 см. |
||
| 650 | 1 | 4 | _aИстория СССР |
| 653 | 0 | _aВеликая Октябрьская социалистическая революция - Область Войска Донского - Воспоминания и записки | |
| 700 | 1 |
_aМирошников, Иван Иванович _eобраб. _4com |
|
| 942 |
_2udc _cBK |
||
| 090 | _c425413 | ||
| 999 |
_c422982 _d422982 |
||